| 000 | 02406nam0a2200481 4500 | ||
|---|---|---|---|
| 001 | RU\NLR\bibl\1047453 | ||
| 005 | 20260408161800.0 | ||
| 010 |
_a5-902500-19-2 _91500 |
||
| 021 |
_aRU _b2006-86660 _94391 |
||
| 035 | _a(nilc)RSL-KNO-003017822 | ||
| 035 | _a(NLR Aleph) 001034797 | ||
| 090 |
_a781335 _c781335 |
||
| 100 | _a20070117d2006 |||y0rusy50 ca | ||
| 101 | 0 | _arus | |
| 102 | _aRU | ||
| 105 | _aa zzzz||||| | ||
| 106 | _ar | ||
| 200 | 1 |
_aОценка влияния программ корпоративной социальной ответственности на имидж компании _f[В. А. Евсеев, И.С. Жукова, Я.В. Семенов, П.А. Чувиляев] _gАссоц. менеджеров |
|
| 210 |
_aМосква _cАссоц. менеджеров _d2006 _eМ. _gТипография "Возрождение" |
||
| 215 |
_a55 с. _cцв. ил., цв. портр. _d24 |
||
| 300 | _aАвт. указаны в вып. дан. | ||
| 320 | _aБиблиогр. в подстроч. примеч. | ||
| 606 | 1 |
_aПредпринимательство _91161265 _3RU\NLR\auth\66147005 |
|
| 606 | 1 |
_aФирмы _xУправление _92081406 _3RU\NLR\auth\661257386 |
|
| 606 |
_aФирмы _3RU\NLR\auth\66306346 _91453757 |
||
| 610 | 0 | _aЭкономика -- Российская Федерация -- Предприятие | |
| 610 | 0 | _aЭкономика -- Российская Федерация -- Благосостояние населения -- Социальная политика | |
| 686 |
_aУ9(2)29,0 _2rubbk |
||
| 686 |
_aУ9(2)0-94-18,0 _2rubbk |
||
| 686 | _aУ29(0) | ||
| 686 | _aУ5-13 | ||
| 686 | _aУ21(0)24 | ||
| 701 | 1 |
_4070 _8rus _7ca _aЕвсеев _bВ. А. _gВячеслав Александрович _3RU\NLR\auth\7737483 _920471 |
|
| 701 | 1 |
_4070 _8rus _7ca _aЖукова _bИ. С. _cканд. пед. наук _gИрина Сергеевна _3RU\NLR\auth\7750707 _933641 |
|
| 701 | 1 |
_4070 _8rus _7ca _aСеменов _bЯ. В. _cспециалист в обл. менеджмента _3RU\NLR\AUTH\7750710 _933644 |
|
| 701 | 1 |
_aЧувиляев _bП. А. _4070 |
|
| 712 | 0 | 2 |
_4570 _aАссоциация менеджеров _cМосква _3RU\NLR\AUTH\8810065045 _9631664 |
| 801 | 0 |
_aRU _bРКП _c20070117 _grcr |
|
| 801 | 1 |
_aRU _bРГБ _c20070117 |
|
| 801 | 2 |
_aRU _bNLR _c20070216 _grcr |
|
| 942 | _cBOOK | ||
| 980 | _aNB | ||